[Event "Campeonato Brasileiro Amador 2016 U2200"]
[Site "Esporte Clube Pinheiros"]
[Date "2016.05.28"]
[Round "5.6"]
[White "Trombini, Fabio"]
[Black "Souza, Rafael Cabral De"]
[Result "0-1"]
[WhiteElo "1926"]
[BlackElo "2166"]
[PlyCount "140"]
[EventDate "2016.05.26"]

1. e4 c5 2. Nf3 g6 3. c4 Nc6 4. d4 Bg7 5. d5 Nd4 6. Nc3 Nxf3+ 7. Qxf3 d6 8. Be2
Nf6 9. O-O O-O 10. Qg3 a6 11. Bd2 Rb8 12. a4 Bd7 13. Qd3 b6 14. Qc2 Ne8 15. Nd1
b5 16. Bc3 Nf6 17. b3 Qc7 18. Ne3 Rb7 19. cxb5 axb5 20. f3 Rfb8 21. Qd2 bxa4
22. bxa4 Rb3 23. Nd1 Ra8 24. Bc4 Rb7 25. Nb2 Rba7 26. Qc2 Be8 27. Ra2 Nd7 28.
Bxg7 Kxg7 29. Qc3+ f6 30. Bb5 Ne5 31. Bxe8 Rxe8 32. f4 Nd7 33. Nc4 Rb8 34. Rfa1
Nb6 35. Nxb6 Qxb6 36. a5 Qb4 37. Qxb4 Rxb4 38. Ra4 Rb2 39. a6 Kf7 40. R1a2 Rb1+
41. Kf2 Ke8 42. Ke2 Kd7 43. Kd2 Kc7 44. Kc2 Rf1 45. g3 Rf2+ 46. Kc3 Rxa2 47.
Rxa2 Kb6 48. Rb2+ Kc7 49. Ra2 Kb6 50. Rb2+ Kxa6 51. Rb8 Rb7 52. Ra8+ Kb5 53.
Rh8 c4 54. Rxh7 Kc5 55. Rg7 Rb3+ 56. Kc2 Kd4 57. Rxe7 Re3 58. Re6 Re2+ 59. Kc1
c3 60. e5 fxe5 61. fxe5 dxe5 62. Rc6 Kd3 63. Kb1 Rb2+ 64. Kc1 Rxh2 65. Kb1 Rb2+
66. Ka1 Rb5 67. d6 Kc2 68. Ra6 Rd5 69. d7 Rxd7 70. Ra2+ Kb3 0-1

[Event "Campeonato Brasileiro Amador 2016 U2200"]
[Site "Esporte Clube Pinheiros"]
[Date "2016.05.28"]
[Round "5.7"]
[White "Rodrigues, Nei Jorge"]
[Black "Bruce, Shannon Hill"]
[Result "0-1"]
[WhiteElo "2060"]
[BlackElo "2145"]
[PlyCount "128"]
[EventDate "2016.05.26"]

1. d4 Nf6 2. c4 c5 3. d5 b5 4. cxb5 a6 5. f3 d6 6. e4 g6 7. Nc3 Bg7 8. Bg5 Nfd7
9. Nh3 h6 10. Be3 axb5 11. Bxb5 Qa5 12. a4 Na6 13. Qd2 Rb8 14. O-O Nc7 15. Rfb1
Ba6 16. Qd3 O-O 17. f4 Nxb5 18. axb5 Bxb5 19. Qd2 Qb4 20. Nf2 Bc4 21. e5 dxe5
22. Ra4 Qb3 23. Ra3 Qb4 24. Ra4 Qb3 25. Ra3 Qb6 26. Nfe4 exf4 27. Bxf4 Bd4+ 28.
Kh1 Ra8 29. Bxh6 Rfd8 30. Bg5 Nf6 31. Rxa8 Rxa8 32. Nxf6+ Bxf6 33. Qf4 Bxg5 34.
Qxc4 Bf6 35. Ne4 Qxb2 36. Nxf6+ exf6 37. Qf1 Qe5 38. Re1 Qxd5 39. Qxf6 c4 40.
h3 Rc8 41. Re5 Qd1+ 42. Kh2 c3 43. Re4 Qd8 44. Re7 Qd5 45. Qa6 Rd8 46. Qe2 c2
47. Re8+ Rxe8 48. Qxe8+ Kg7 49. Qe3 Qd6+ 50. g3 Qd1 51. Qe5+ Kh7 52. Qf4 Kg7
53. Qe5+ Kh7 54. Qf4 c1=Q 55. Qxf7+ Kh8 56. Qf8+ Kh7 57. Qf7+ Kh6 58. Qf8+ Kg5
59. Qe7+ Kf5 60. g4+ Kf4 61. Qf6+ Ke3 62. Qe5+ Kd2 63. Qd4+ Kc2 64. Qc4+ Kb1
0-1

[Event "Campeonato Brasileiro Amador 2016 U2200"]
[Site "Esporte Clube Pinheiros"]
[Date "2016.05.28"]
[Round "5.8"]
[White "Martins, Anmartom Mugabe Lour"]
[Black "Winfridsson, Ola"]
[Result "1-0"]
[WhiteElo "1998"]
[BlackElo "2075"]
[PlyCount "91"]
[EventDate "2016.05.26"]

1. e4 c6 2. d4 d5 3. f3 Nf6 4. Nc3 e6 5. e5 Nfd7 6. f4 Bb4 7. a3 Bxc3+ 8. bxc3
Qa5 9. Bd2 Qa4 10. Bd3 c5 11. Nf3 Nc6 12. Be3 b6 13. O-O Ba6 14. f5 Bxd3 15.
Qxd3 c4 16. Qe2 exf5 17. Ng5 h6 18. e6 hxg5 19. exd7+ Kxd7 20. Rxf5 f6 21.
Rxd5+ Kc7 22. Bf2 Rad8 23. Bg3+ Kb7 24. Qe6 Rxd5 25. Qxd5 Ka6 26. Re1 Rd8 27.
Qf7 Na5 28. Qxg7 Qxc2 29. Qxf6 Rd5 30. Qf3 Rf5 31. Qe4 Qd3 32. Qxd3 cxd3 33.
Rd1 Nc4 34. Rxd3 Kb5 35. d5 Rf7 36. d6 Kc6 37. a4 Rd7 38. Kf2 Nxd6 39. Rxd6+
Rxd6 40. Bxd6 Kxd6 41. Ke3 Ke5 42. h3 Kd5 43. Kd3 Ke5 44. g3 Kd5 45. h4 gxh4
46. gxh4 1-0

[Event "Campeonato Brasileiro Amador 2016 U2200"]
[Site "Esporte Clube Pinheiros"]
[Date "2016.05.28"]
[Round "5.9"]
[White "Almeida, Gianluca Jorio"]
[Black "Ikeda, Vinicius Yasuto"]
[Result "1/2-1/2"]
[WhiteElo "1971"]
[BlackElo "2070"]
[PlyCount "106"]
[EventDate "2016.05.26"]

1. c4 e5 2. Nc3 Nc6 3. Nf3 d6 4. d4 exd4 5. Nxd4 Nge7 6. Nxc6 Nxc6 7. e4 g6 8.
Be2 Bg7 9. Be3 Be6 10. Rc1 Ne7 11. O-O O-O 12. Qd2 Qd7 13. Rfd1 Rfd8 14. Bg5 c6
15. b3 Qe8 16. Qf4 d5 17. Qh4 Bxc3 18. Bxe7 Rd7 19. Rxc3 Rxe7 20. exd5 Bxd5 21.
Bf1 Be6 22. Rcd3 Rd7 23. Rxd7 Bxd7 24. Qd4 Be6 25. h3 Qf8 26. c5 Qg7 27. Qb4
Rb8 28. Qa5 a6 29. Qc7 Qf8 30. Rd6 Qc8 31. Qxc8+ Rxc8 32. Bd3 Kf8 33. Be4 Ke7
34. Kf1 Rd8 35. Rxd8 Kxd8 36. Ke2 Kc7 37. Kd3 b5 38. Kc3 a5 39. a3 Kd7 40. b4
a4 41. Kd4 f6 42. f4 Kc7 43. g4 Bf7 44. h4 Kd7 45. g5 f5 46. Bf3 Be8 47. Ke5
Ke7 48. Bg2 Bd7 49. Bh1 Be8 50. Bf3 Bd7 51. h5 Be8 52. h6 Bd7 53. Be2 Be6
1/2-1/2

[Event "Campeonato Brasileiro Amador 2016 U2200"]
[Site "Esporte Clube Pinheiros"]
[Date "2016.05.28"]
[Round "5.10"]
[White "Moyses Sobrinho, Elias"]
[Black "Lopes, Marcelo Ferreira"]
[Result "0-1"]
[WhiteElo "1914"]
[BlackElo "2020"]
[PlyCount "64"]
[EventDate "2016.05.26"]

1. d4 Nf6 2. c4 e6 3. Nc3 Bb4 4. a3 Bxc3+ 5. bxc3 O-O 6. Qc2 c5 7. e3 Nc6 8.
Nf3 d6 9. Bd3 e5 10. d5 Na5 11. e4 h6 12. O-O b6 13. Nd2 Nh5 14. Nb3 Nxb3 15.
Qxb3 f5 16. exf5 Bxf5 17. Bxf5 Rxf5 18. g4 Nf4 19. Bxf4 Rxf4 20. f3 Qf6 21. Kg2
Rf8 22. Qd1 Rxc4 23. Qd3 Rf4 24. Rae1 h5 25. h3 Qg5 26. Re4 hxg4 27. hxg4 Rxe4
28. Qxe4 Rf4 29. Qe2 e4 30. Kg3 Qe5 31. Re1 Rxf3+ 32. Kg2 Qg3+ 0-1

[Event "Campeonato Brasileiro Amador 2016 U2200"]
[Site "Esporte Clube Pinheiros"]
[Date "2016.05.28"]
[Round "5.11"]
[White "Viaro Baccarin, Natalia"]
[Black "Reis Junior, Evandro De Laet"]
[Result "1/2-1/2"]
[WhiteElo "1962"]
[BlackElo "2023"]
[PlyCount "79"]
[EventDate "2016.05.26"]

1. e4 c5 2. Nf3 e6 3. d4 cxd4 4. Nxd4 a6 5. c4 Qc7 6. Nc3 Nf6 7. Be2 Be7 8. Be3
O-O 9. O-O d6 10. f3 b6 11. Rc1 Bb7 12. Qd2 Nbd7 13. Rc2 Rac8 14. Rb1 Rfd8 15.
b4 Qb8 16. Na4 Bf8 17. Nb3 Nxe4 18. fxe4 Bxe4 19. Bd3 Bxd3 20. Qxd3 Ne5 21. Qd4
b5 22. Nb6 bxc4 23. Nxc8 cxb3 24. Rxb3 Rxc8 25. Rxc8 Qxc8 26. Rc3 Qb7 27. a3 h5
28. h3 Kh7 29. Qh4 g6 30. Qd8 Be7 31. Qe8 Kg7 32. Rc8 Kf6 33. Qh8+ Kf5 34. Qh6
Qe4 35. Rc1 Nd3 36. Rf1+ Ke5 37. Rxf7 Bh4 38. Qh8+ Kd5 39. Qa8+ Ke5 40. Qh8+
1/2-1/2

[Event "Campeonato Brasileiro Amador 2016 U2200"]
[Site "Esporte Clube Pinheiros"]
[Date "2016.05.28"]
[Round "6.1"]
[White "Batista, Gerson Peres"]
[Black "Leitao, Nicolau"]
[Result "1/2-1/2"]
[WhiteElo "2175"]
[BlackElo "2164"]
[PlyCount "49"]
[EventDate "2016.05.26"]

1. e4 c5 2. c3 d5 3. exd5 Qxd5 4. d4 Nc6 5. Nf3 Bg4 6. Be2 cxd4 7. cxd4 e6 8.
O-O Nf6 9. h3 Bh5 10. Nc3 Qa5 11. a3 Be7 12. Be3 O-O 13. b4 Qd8 14. Qb3 Bxf3
15. Bxf3 Nxd4 16. Bxd4 Qxd4 17. Bxb7 Rab8 18. Rad1 Qf4 19. g3 Qc7 20. Bg2 h5
21. Rc1 Qe5 22. Rfe1 Qf5 23. Ne4 Rfc8 24. Qf3 Qxf3 25. Bxf3 1/2-1/2

[Event "Campeonato Brasileiro Amador 2016 U2200"]
[Site "Esporte Clube Pinheiros"]
[Date "2016.05.28"]
[Round "6.2"]
[White "Cadilhac, Igor Tokuichi Kikuch"]
[Black "Rodrigues, Tiago Pereira"]
[Result "1-0"]
[WhiteElo "2129"]
[BlackElo "2138"]
[PlyCount "81"]
[EventDate "2016.05.26"]

1. e4 c5 2. Nf3 d6 3. d4 cxd4 4. Nxd4 Nf6 5. Nc3 g6 6. Be3 a6 7. f3 h5 8. Bc4
Bg7 9. Qd2 Bd7 10. O-O Nc6 11. Bb3 Na5 12. Rfe1 Rc8 13. Nd5 Nc4 14. Bxc4 Rxc4
15. b3 Rc5 16. c4 e6 17. Nxf6+ Bxf6 18. Rad1 Be7 19. Kh1 g5 20. Nc2 Ra5 21. a3
Rc5 22. Bxc5 dxc5 23. Qc3 Bf6 24. e5 Be7 25. Ne3 Rg8 26. Nf1 g4 27. Ng3 h4 28.
Ne4 Qc7 29. fxg4 Rxg4 30. Nd6+ Kd8 31. Qf3 Rd4 32. Nxb7+ Kc8 33. Nd6+ Bxd6 34.
Qa8+ Qb8 35. Qxa6+ Kd8 36. exd6 h3 37. Rxd4 hxg2+ 38. Kg1 cxd4 39. Qa5+ Ke8 40.
Qe5 Kd8 41. Qf6+ 1-0

[Event "Campeonato Brasileiro Amador 2016 U2200"]
[Site "Esporte Clube Pinheiros"]
[Date "2016.05.28"]
[Round "6.3"]
[White "Loureiro, Anderson Felix"]
[Black "Andrade, Roberto Luiz Costa"]
[Result "1-0"]
[WhiteElo "2132"]
[BlackElo "2120"]
[PlyCount "85"]
[EventDate "2016.05.26"]

1. e4 c5 2. Nf3 a6 3. d3 Nc6 4. g3 g6 5. Bg2 Bg7 6. O-O e6 7. Re1 Nge7 8. c3 d6
9. Nbd2 O-O 10. h4 h5 11. Nb3 Qc7 12. d4 cxd4 13. cxd4 d5 14. e5 Bd7 15. Bg5
Rfc8 16. Qd2 Nf5 17. Rac1 Qb6 18. Bh3 Bf8 19. Bxf5 exf5 20. Bf6 f4 21. Qxf4 Nb4
22. Nc5 Bg4 23. Bg5 Bh6 24. e6 fxe6 25. Nd7 Qb5 26. Rxc8+ Rxc8 27. Be7 Bf5 28.
Nf6+ Kg7 29. Qe5 Nd3 30. Nxh5+ Kg8 31. Qf6 Qe8 32. Rxe6 Rc1+ 33. Kh2 Nxf2 34.
Qxf5 gxf5 35. Nf6+ Kh8 36. Nxe8 Ng4+ 37. Kg2 Rc2+ 38. Kf1 Bg5 39. hxg5 Nh2+ 40.
Ke1 Nxf3+ 41. Kd1 Rxb2 42. g6 Rg2 43. Bf6+ 1-0

[Event "Campeonato Brasileiro Amador 2016 U2200"]
[Site "Esporte Clube Pinheiros"]
[Date "2016.05.28"]
[Round "6.4"]
[White "Souza, Rafael Cabral De"]
[Black "Florencio, Yuri Matos"]
[Result "1-0"]
[WhiteElo "2166"]
[BlackElo "2073"]
[PlyCount "93"]
[EventDate "2016.05.26"]

1. e4 c5 2. Nf3 e6 3. Nc3 a6 4. d4 cxd4 5. Nxd4 d6 6. Bd3 Nf6 7. Bg5 Be7 8. f4
h6 9. Bxf6 Bxf6 10. Nf3 Nc6 11. Qe2 Qc7 12. Nd1 Bd7 13. c3 g5 14. g3 gxf4 15.
gxf4 Rg8 16. Ne3 Qa5 17. Nc4 Qc5 18. Nxd6+ Qxd6 19. e5 Qc7 20. exf6 Qxf4 21.
Rf1 O-O-O 22. Nd2 Qh4+ 23. Qf2 Qxf2+ 24. Rxf2 Ne5 25. Be2 Rg1+ 26. Nf1 Bc6 27.
Rd1 Rdg8 28. Rd4 R8g2 29. Rdf4 Rxf2 30. Kxf2 Rg6 31. Ke3 Nd7 32. Bh5 Nxf6 33.
Bxg6 Nd5+ 34. Kd4 Nxf4 35. Bxf7 Kd7 36. Ng3 Ke7 37. Bg8 Kf6 38. Bh7 e5+ 39. Kc5
Ne6+ 40. Kd6 Ng5 41. Bd3 Bf3 42. h4 Ne6 43. Ne4+ Bxe4 44. Bxe4 b6 45. b4 a5 46.
Kc6 axb4 47. cxb4 1-0

[Event "Campeonato Brasileiro Amador 2016 U2200"]
[Site "Esporte Clube Pinheiros"]
[Date "2016.05.28"]
[Round "6.5"]
[White "Brandao, Renan Alves"]
[Black "Lopes, Marcelo Ferreira"]
[Result "1-0"]
[WhiteElo "2116"]
[BlackElo "2020"]
[PlyCount "97"]
[EventDate "2016.05.26"]

1. d4 Nf6 2. Nf3 e6 3. Bg5 d5 4. Nbd2 Be7 5. e3 O-O 6. Bd3 b6 7. Ne5 Nfd7 8.
Qh5 f5 9. Bxe7 Qxe7 10. Nxd7 Nxd7 11. f4 a5 12. Qe2 c5 13. c3 Nb8 14. O-O Ba6
15. c4 Nc6 16. dxc5 Qxc5 17. a3 dxc4 18. Nxc4 Rfd8 19. Rac1 a4 20. Rfd1 Na5 21.
Ne5 Bxd3 22. Nxd3 Qb5 23. Qf3 Nc4 24. Rc2 Rac8 25. Nb4 Na5 26. Rdc1 Rxc2 27.
Rxc2 Qd7 28. Kf2 Nb3 29. Nc6 Qd3 30. Qe2 Qxe2+ 31. Kxe2 Rd6 32. Ne5 Nc5 33. Rc4
h6 34. Rb4 Ne4 35. Nd3 Kh7 36. Rxa4 Rxd3 37. Kxd3 Nc5+ 38. Kc4 Nxa4 39. b3 Nc5
40. b4 Nd7 41. Kb5 e5 42. Kc6 g5 43. g3 exf4 44. exf4 Nf6 45. a4 gxf4 46. gxf4
Nh5 47. a5 bxa5 48. bxa5 Nxf4 49. a6 1-0

[Event "Campeonato Brasileiro Amador 2016 U2200"]
[Site "Esporte Clube Pinheiros"]
[Date "2016.05.28"]
[Round "6.6"]
[White "Pacheco, Helcio"]
[Black "Martins, Anmartom Mugabe Lour"]
[Result "1-0"]
[WhiteElo "2110"]
[BlackElo "1998"]
[PlyCount "131"]
[EventDate "2016.05.26"]

1. d4 d5 2. c4 dxc4 3. Nf3 e6 4. e3 Nf6 5. Bxc4 a6 6. Bb3 c5 7. Nc3 Be7 8. O-O
O-O 9. Qe2 b5 10. dxc5 Bxc5 11. e4 Bb7 12. Bg5 Qb6 13. Rad1 Nfd7 14. Rd3 Re8
15. Rfd1 Nf8 16. Bd8 Qa7 17. Ng5 Nc6 18. Bc7 Rac8 19. Bg3 h6 20. Nf3 Na5 21.
Bc2 Nc4 22. Bb1 Qb6 23. a3 a5 24. Ba2 Be7 25. Ne5 Nxe5 26. Bxe5 b4 27. axb4
axb4 28. Rg3 Ng6 29. Bd4 Qa5 30. Rxg6 fxg6 31. Bxe6+ Kh7 32. Bxc8 Rxc8 33. Nd5
Bc5 34. Bxc5 Rxc5 35. Qd2 Rc4 36. f3 Qc5+ 37. Ne3 b3 38. Kh1 Ra4 39. h3 Ra2 40.
Ng4 Ra6 41. Rc1 Qb5 42. Qd4 Rc6 43. Rxc6 Qxc6 44. Ne3 Ba6 45. Nd5 Bc8 46. Qc3
Qxc3 47. Nxc3 Kg8 48. Kg1 Kf7 49. Kf2 Ba6 50. Ne2 Ke6 51. Nd4+ Ke5 52. Nxb3 Bc4
53. Nd2 Bb5 54. Ke3 g5 55. b3 g6 56. Nc4+ Ke6 57. Kd4 h5 58. b4 Ba4 59. Ne3 Bb5
60. Kc5 Ba6 61. b5 Bc8 62. Nc4 g4 63. hxg4 hxg4 64. Nd6 Bd7 65. b6 g3 66. b7
1-0

[Event "Campeonato Brasileiro Amador 2016 U2200"]
[Site "Esporte Clube Pinheiros"]
[Date "2016.05.28"]
[Round "6.7"]
[White "Bruce, Shannon Hill"]
[Black "Trombini, Fabio"]
[Result "1-0"]
[WhiteElo "2145"]
[BlackElo "1926"]
[PlyCount "99"]
[EventDate "2016.05.26"]

1. Nf3 d5 2. g3 Nf6 3. Bg2 c6 4. O-O Bg4 5. d3 Nbd7 6. Qe1 e5 7. e4 dxe4 8.
dxe4 Bc5 9. Nbd2 O-O 10. h3 Bh5 11. Nc4 Qe7 12. Ne3 Bxe3 13. Qxe3 Rfe8 14. Nh4
Qc5 15. Qb3 Nb6 16. Be3 Qc4 17. g4 Bg6 18. f3 Red8 19. Rfd1 Rxd1+ 20. Rxd1 Qe2
21. Qd3 Qxd3 22. Rxd3 Nfd7 23. Bf1 Kf8 24. a4 Ke8 25. a5 Na4 26. b3 Nac5 27.
Rc3 b6 28. b4 Ne6 29. Rxc6 Kd8 30. Ba6 Nc7 31. Bb7 Rb8 32. a6 Nb5 33. c4 Na3
34. c5 b5 35. Rd6 Nc4 36. Rd3 Nxe3 37. Rxe3 Kc7 38. Ra3 Nf8 39. Ra5 Ne6 40.
Rxb5 f6 41. Bc6 Nd4 42. Rxb8 Kxb8 43. Bd5 Be8 44. Nf5 Nc2 45. Nd6 Bd7 46. b5
Nd4 47. c6 Be6 48. b6 axb6 49. c7+ Ka7 50. Bxe6 1-0

[Event "Campeonato Brasileiro Amador 2016 U2200"]
[Site "Esporte Clube Pinheiros"]
[Date "2016.05.28"]
[Round "6.8"]
[White "Ikeda, Vinicius Yasuto"]
[Black "Silva, Luiz Thiago"]
[Result "1/2-1/2"]
[WhiteElo "2070"]
[BlackElo "1872"]
[PlyCount "91"]
[EventDate "2016.05.26"]

1. d4 Nf6 2. c4 e6 3. g3 d5 4. Bg2 Be7 5. Nf3 O-O 6. O-O c5 7. cxd5 exd5 8.
dxc5 Na6 9. Nc3 Nxc5 10. Bf4 Bf5 11. Nd4 Bg6 12. Ndb5 Ne6 13. Nxd5 Nxd5 14.
Qxd5 Nxf4 15. gxf4 Qb6 16. f5 Rad8 17. Qe4 Qxb5 18. fxg6 Bf6 19. a4 Qxb2 20.
Rab1 Qd4 21. gxh7+ Kh8 22. Rxb7 g6 23. Rc1 Kxh7 24. Qxd4 Bxd4 25. Rcc7 Kg7 26.
a5 Be5 27. Rd7 Rxd7 28. Rxd7 Rc8 29. Rxa7 Rc1+ 30. Bf1 Bxh2+ 31. Kg2 Rc7 32.
Ra8 Bd6 33. a6 Bc5 34. e3 Kf6 35. Kf3 Ke5 36. Rb8 Ba7 37. Rb7 Rxb7 38. axb7 f5
39. Kg3 g5 40. f4+ gxf4+ 41. Kf3 Kf6 42. Bd3 Bb8 43. Bc4 Bc7 44. exf4 Bb8 45.
Ke3 Bc7 46. Bd3 1/2-1/2

[Event "Campeonato Brasileiro Amador 2016 U2200"]
[Site "Esporte Clube Pinheiros"]
[Date "2016.05.28"]
[Round "6.9"]
[White "Reis Junior, Evandro De Laet"]
[Black "Almeida, Gianluca Jorio"]
[Result "1-0"]
[WhiteElo "2023"]
[BlackElo "1971"]
[PlyCount "61"]
[EventDate "2016.05.26"]

1. Nf3 Nf6 2. d4 g6 3. Nc3 Bg7 4. e4 d6 5. Bf4 O-O 6. Qd2 Nbd7 7. O-O-O c5 8.
Bh6 cxd4 9. Nxd4 Nc5 10. Bxg7 Kxg7 11. f3 h5 12. h4 Bd7 13. Be2 Qa5 14. Qg5 e6
15. Kb1 a6 16. g4 Qd8 17. e5 Nh7 18. Qe3 hxg4 19. fxg4 d5 20. Nf3 Na4 21. Nxa4
Bxa4 22. h5 g5 23. Bd3 Rg8 24. h6+ Kh8 25. Rh5 Rc8 26. b3 Bb5 27. Bxh7 Kxh7 28.
Nxg5+ Rxg5 29. Rxg5 Qc7 30. Rg7+ Kh8 31. c4 1-0

[Event "Campeonato Brasileiro Amador 2016 U2200"]
[Site "Esporte Clube Pinheiros"]
[Date "2016.05.28"]
[Round "6.10"]
[White "Winfridsson, Ola"]
[Black "Noseda, Francesco"]
[Result "1-0"]
[WhiteElo "2075"]
[BlackElo "1966"]
[PlyCount "93"]
[EventDate "2016.05.26"]

1. d4 Nf6 2. c4 e6 3. g3 d5 4. Nf3 Be7 5. Bg2 O-O 6. O-O dxc4 7. Ne5 Nc6 8.
Nxc6 bxc6 9. e4 a5 10. Nc3 Bb7 11. Be3 Qd7 12. h3 Rfb8 13. Qe2 Ba6 14. Rad1 Rb4
15. Rd2 Rab8 16. g4 Qc8 17. f4 Qb7 18. Rf2 Rd8 19. g5 Nd7 20. f5 Qb8 21. g6 e5
22. gxh7+ Kxh7 23. Qg4 Bf6 24. d5 c5 25. Bf1 Rh8 26. Rg2 Kg8 27. Bg5 Kf8 28.
Bxf6 Nxf6 29. Qxg7+ Ke7 30. Qg5 Rb6 31. d6+ Rxd6 32. Rxd6 cxd6 33. Nd5+ Kd7 34.
Qxf6 Rf8 35. Qe7+ Kc6 36. Nf6 Qc8 37. Rd2 Rd8 38. Qxf7 Qb8 39. Qd5+ Kc7 40.
Qf7+ Kc6 41. Bxc4 Bxc4 42. Qxc4 Qa7 43. Qa4+ Kc7 44. Nd5+ Kb7 45. Qb5+ Ka8 46.
Qc6+ Kb8 47. Qb6+ 1-0

[Event "Campeonato Brasileiro Amador 2016 U2200"]
[Site "Esporte Clube Pinheiros"]
[Date "2016.05.28"]
[Round "6.11"]
[White "Moyses Sobrinho, Elias"]
[Black "Rodrigues, Nei Jorge"]
[Result "0-1"]
[WhiteElo "1914"]
[BlackElo "2060"]
[PlyCount "110"]
[EventDate "2016.05.26"]

1. d4 Nf6 2. c4 b6 3. Nc3 Bb7 4. Nf3 e6 5. e3 Bb4 6. Bd2 O-O 7. a3 Be7 8. g3 c5
9. dxc5 bxc5 10. Bg2 d6 11. O-O Nc6 12. Qa4 Nd7 13. b4 Rb8 14. b5 Nce5 15. Nxe5
Nxe5 16. Bxb7 Rxb7 17. f4 Nd7 18. e4 Nb6 19. Qb3 d5 20. exd5 Bf6 21. Rae1 Rd7
22. Be3 exd5 23. Nxd5 Nxd5 24. cxd5 Rxd5 25. Rd1 Bd4 26. Bxd4 Rxd4 27. Rxd4
Qxd4+ 28. Kg2 Rd8 29. Rf2 c4 30. Qf3 c3 31. Rc2 Rc8 32. Qb7 Qc5 33. a4 h6 34.
Qd7 Rc7 35. Qd3 g6 36. a5 Kg7 37. b6 axb6 38. axb6 Qxb6 39. Kf3 Qc5 40. Qe3 Qd6
41. Qe4 Qd1+ 42. Qe2 Qh1+ 43. Qg2 Qxg2+ 44. Kxg2 Kf6 45. Kf3 h5 46. h3 Ke6 47.
Ke4 Rc4+ 48. Ke3 Kd5 49. g4 h4 50. g5 Rc6 51. Kd3 Rc7 52. Ke3 Kc4 53. Kf3 Kd3
54. Rc1 c2 55. Kg4 Kd2 0-1

[Event "Campeonato Brasileiro Amador 2016 U2200"]
[Site "Esporte Clube Pinheiros"]
[Date "2016.05.28"]
[Round "6.12"]
[White "Chi Haur, Wu"]
[Black "Viaro Baccarin, Natalia"]
[Result "0-1"]
[WhiteElo "1574"]
[BlackElo "1962"]
[PlyCount "90"]
[EventDate "2016.05.26"]

1. d4 Nf6 2. Bg5 Ne4 3. Bf4 g5 4. Be5 f6 5. e3 h5 6. Be2 g4 7. Bg3 Bg7 8. f3
Nxg3 9. hxg3 f5 10. Qd3 e6 11. Nd2 b6 12. e4 Qg5 13. exf5 exf5 14. O-O-O Nc6
15. d5 Ne7 16. d6 cxd6 17. Qxd6 Rh6 18. f4 Rxd6 19. fxg5 Bb7 20. Nc4 Rxd1+ 21.
Bxd1 Bxg2 22. Rh2 Bd5 23. Nd6+ Kf8 24. Ne2 Be5 25. Nb5 Bf7 26. Nf4 Bxf4+ 27.
gxf4 Nd5 28. Nd4 Bg6 29. c4 Nxf4 30. Bc2 g3 31. Rh1 Kf7 32. Nf3 Re8 33. Bd1 g2
34. Rg1 Ne2+ 35. Bxe2 Rxe2 36. Nh4 f4 37. Rxg2 Rxg2 38. Nxg2 f3 39. Ne3 Bd3 40.
Kd2 Kg6 41. Ke1 Kxg5 42. Kf2 Kf4 43. b4 h4 44. a4 h3 45. c5 h2 0-1

[Event "Campeonato Brasileiro Amador 2016 U2200"]
[Site "Esporte Clube Pinheiros"]
[Date "2016.05.29"]
[Round "7.1"]
[White "Cadilhac, Igor Tokuichi Kikuch"]
[Black "Batista, Gerson Peres"]
[Result "1/2-1/2"]
[WhiteElo "2129"]
[BlackElo "2175"]
[PlyCount "32"]
[EventDate "2016.05.26"]

1. e4 e5 2. Nf3 Nc6 3. Bb5 f5 4. Nc3 fxe4 5. Nxe4 d5 6. Nxe5 dxe4 7. Nxc6 Qg5
8. Qe2 Nf6 9. f4 Qxf4 10. Ne5+ c6 11. d4 Qh4+ 12. g3 Qh3 13. Bc4 Be6 14. Bg5
O-O-O 15. O-O-O Bd6 16. Rhf1 Rhf8 1/2-1/2

[Event "Campeonato Brasileiro Amador 2016 U2200"]
[Site "Esporte Clube Pinheiros"]
[Date "2016.05.29"]
[Round "7.2"]
[White "Leitao, Nicolau"]
[Black "Loureiro, Anderson Felix"]
[Result "1-0"]
[WhiteElo "2164"]
[BlackElo "2132"]
[PlyCount "47"]
[EventDate "2016.05.26"]

1. d4 Nf6 2. c4 g6 3. Nc3 Bg7 4. e4 d6 5. Nf3 O-O 6. h3 e5 7. d5 Na6 8. Bg5 h6
9. Be3 Nc5 10. Nd2 a5 11. Be2 Bd7 12. g4 c6 13. h4 cxd5 14. cxd5 Bxg4 15. Bxg4
Nd3+ 16. Kf1 Nxg4 17. Qxg4 f5 18. exf5 gxf5 19. Qe2 e4 20. Nb3 a4 21. Nd4 f4
22. Ne6 Qa5 23. Rg1 fxe3 24. Rxg7+ 1-0

[Event "Campeonato Brasileiro Amador 2016 U2200"]
[Site "Esporte Clube Pinheiros"]
[Date "2016.05.29"]
[Round "7.3"]
[White "Rodrigues, Tiago Pereira"]
[Black "Souza, Rafael Cabral De"]
[Result "1/2-1/2"]
[WhiteElo "2138"]
[BlackElo "2166"]
[PlyCount "107"]
[EventDate "2016.05.26"]

1. Nf3 Nf6 2. g3 c5 3. Bg2 Nc6 4. d4 cxd4 5. Nxd4 g6 6. O-O Bg7 7. c4 O-O 8.
Nc3 Ng4 9. e3 d6 10. Nxc6 bxc6 11. Bxc6 Rb8 12. Bf3 Ne5 13. Be2 Ba6 14. Qa4 Qc8
15. Nd5 Re8 16. Nc7 Qxc7 17. Qxa6 Rb6 18. Qa4 Reb8 19. Rb1 Rc6 20. Bd2 Nxc4 21.
Rfc1 Rc8 22. Bxc4 Rxc4 23. Rxc4 Qxc4 24. Qd7 Qc7 25. Qxc7 Rxc7 26. Rc1 Rxc1+
27. Bxc1 f5 28. Kf1 Kf7 29. Ke2 Ke6 30. Kd3 Kd5 31. f3 Kc6 32. b3 d5 33. f4 e5
34. fxe5 Bxe5 35. Bd2 g5 36. Bc3 Bc7 37. Bf6 h6 38. Bg7 h5 39. Bf6 f4 40. exf4
gxf4 41. gxf4 Bxf4 42. h3 Kd6 43. b4 a6 44. a4 Bh2 45. Bd4 Bg3 46. Ke2 Bf4 47.
Kd3 Bg3 48. b5 axb5 49. axb5 Be1 50. Ke3 Bb4 51. Kd3 Ba5 52. Ba7 Be1 53. Ke2
Bb4 54. Bd4 1/2-1/2

[Event "Campeonato Brasileiro Amador 2016 U2200"]
[Site "Esporte Clube Pinheiros"]
[Date "2016.05.29"]
[Round "7.4"]
[White "Brandao, Renan Alves"]
[Black "Bruce, Shannon Hill"]
[Result "0-1"]
[WhiteElo "2116"]
[BlackElo "2145"]
[PlyCount "48"]
[EventDate "2016.05.26"]

1. d4 Nf6 2. Nf3 c5 3. d5 e6 4. c4 exd5 5. cxd5 Bd6 6. g3 O-O 7. Bg2 Bc7 8. O-O
d6 9. Nc3 a6 10. a4 Re8 11. Nd2 Nbd7 12. e4 Rb8 13. Qc2 b5 14. axb5 axb5 15. f4
Ng4 16. Nf3 c4 17. Nd4 Bb6 18. Ncxb5 Nc5 19. Ra3 Bd7 20. Kh1 Bxb5 21. Nxb5 Nd3
22. Bf3 Ngf2+ 23. Kg2 Qd7 24. Rxf2 Ne1+ 0-1

[Event "Campeonato Brasileiro Amador 2016 U2200"]
[Site "Esporte Clube Pinheiros"]
[Date "2016.05.29"]
[Round "7.5"]
[White "Andrade, Roberto Luiz Costa"]
[Black "Pacheco, Helcio"]
[Result "1/2-1/2"]
[WhiteElo "2120"]
[BlackElo "2110"]
[PlyCount "35"]
[EventDate "2016.05.26"]

1. e4 e6 2. d4 d5 3. Nc3 Nf6 4. Bg5 Bb4 5. e5 h6 6. Be3 Ne4 7. a3 Bxc3+ 8. bxc3
c5 9. Bd3 Qa5 10. Ne2 Nc6 11. Bxe4 cxd4 12. Bxd4 dxe4 13. O-O Nxe5 14. Ng3 O-O
15. Nxe4 Rd8 16. Qh5 Nc6 17. Qxa5 Nxa5 18. f4 1/2-1/2

[Event "Campeonato Brasileiro Amador 2016 U2200"]
[Site "Esporte Clube Pinheiros"]
[Date "2016.05.29"]
[Round "7.6"]
[White "Florencio, Yuri Matos"]
[Black "Reis Junior, Evandro De Laet"]
[Result "1/2-1/2"]
[WhiteElo "2073"]
[BlackElo "2023"]
[PlyCount "50"]
[EventDate "2016.05.26"]

1. e4 c5 2. Nf3 e6 3. d4 cxd4 4. Nxd4 a6 5. Nc3 Qc7 6. f4 d6 7. Be2 Nf6 8. Be3
Nbd7 9. O-O Be7 10. Qe1 O-O 11. Bf3 Nb6 12. Rd1 Nc4 13. Bc1 Bd7 14. Kh1 e5 15.
fxe5 Nxe5 16. Qg3 Kh8 17. Nf5 Bxf5 18. exf5 Rae8 19. Bf4 b5 20. Rfe1 Nxf3 21.
Qxf3 b4 22. Ne4 Qxc2 23. Nxd6 Bxd6 24. Bxd6 Rxe1+ 25. Rxe1 Qd2 1/2-1/2